000 00881nab a2200277 4500
003 BR-BrBNA
005 20240814101206.0
008 240630b bl.||||| |||| 00| 0 por d
040 _aBR-BrBNA
_bpor
072 _aL01 ; N10
_b5213 ; 4430
100 _aFenelon, Maurício
245 _aTerminação adequada para o abate
_bConfinamento
500 _a2 illus.
650 _aGADO DE CORTE
650 _aCONFINAMENTO
650 _aINSTALAÇÃO PARA ANIMAL
650 _aCURRAL
650 _aBEBEDOURO
650 _aCOMEDOURO
650 _aRAÇÃO
650 _aTERMINAÇÃO
650 _aABATE
773 0 _04604
_9317198
_dPalmas - Tocantins Terranova Gráfica e Editora Jornalística Ltda 2005
_o2024-3822
_tCerrado Rural Agronegócios (Brazil)
_x1980-2595
_gv. 4(28) p. 16-17; (Oct 2007)
_wBR2024001885
942 _cAnalítica
999 _c300307
_d300307